| 000 | 00515nam a2200181Ia 4500 | ||
|---|---|---|---|
| 003 | GCL | ||
| 008 | 140319s9999 xx 000 0 eng d | ||
| 040 |
_aGCL / _cGCL |
||
| 082 | 0 | 4 |
_a658.45 _bB E |
| 100 | 1 | _aBAGULEY, PHILIP | |
| 245 | 1 | 0 |
_aEFFECTIVE COMMUNICATION FOR MODERN BUSINESS / _cBAGULEY, PHILIP |
| 260 |
_a[S.N] : _bMC GRAW - HILL ، _c1994 |
||
| 300 | _a202 P | ||
| 650 | 0 | 4 | _aBUSINESS COMMUNICATION |
| 650 | 0 | 4 | _aCOMMUNICATION IN MANAGEMENT |
| 650 | 0 | 4 | _aCOMMUNICATION ORGANIZATION |
| 942 |
_2ddc _cBK |
||
| 999 |
_c23672 _d23672 |
||